| 000 | 01138cam a2200289 a 4500 | ||
|---|---|---|---|
| 999 |
_c9059 _d9059 |
||
| 001 | 565560 | ||
| 003 | GBCCL | ||
| 005 | 20241126110704.0 | ||
| 008 | 890711s1990 miu b 001 0 eng | ||
| 010 | _a 89037728 | ||
| 020 | _a0310308011 | ||
| 040 |
_aDLC _cDLC _dDLC |
||
| 050 | 0 | 0 |
_aBS1560 _b.C47 1990 |
| 082 | 0 | 0 |
_a224.906 _220 _bCHI |
| 100 | 1 |
_aChisholm, Robert B. _91239 |
|
| 245 | 1 | 0 |
_aInterpreting the Minor Prophets / _cby Robert B. Chisholm, Jr. |
| 260 |
_aGrand Rapids, Mich. : _bZondervan Pub. House, _cc1990. |
||
| 300 |
_a317 p. ; _c21 cm. |
||
| 500 | _a"Academie books." | ||
| 504 | _aIncludes bibliographical references (p. 293-307) and index. | ||
| 630 | 0 | 0 |
_aBible. _pMinor Prophets _xCriticism, interpretation, etc. _914177 |
| 856 | 4 | 2 |
_3Publisher description _uhttp://www.loc.gov/catdir/enhancements/fy1005/89037728-d.html |
| 856 | 4 | 1 |
_3Table of contents only _uhttp://www.loc.gov/catdir/enhancements/fy1013/89037728-t.html |
| 906 |
_a7 _bcbc _corignew _d1 _eocip _f19 _gy-gencatlg |
||
| 942 |
_2ddc _cBK _010 |
||